[Event "Challenge"]
[Site "http://www.queenalice.com/game.php?id=731877"]
[Date "2010.2.14"]
[Round "-"]
[White "Xmen"]
[Black "KaBaL"]
[Result "0-1"]
[WhiteElo "1357"]
[BlackElo "1680"]

1. e4 e5 2. c3 Qh4 3. Qf3 Nf6 4. d3 Bc5 5. Be3 d6 6. g3 Qg4 7. Bxc5 Qxf3 8. Nd2
Qxh1 9. Ndf3 dxc5 10. Bg2 Qxg2 11. Ke2 Ng4 12. Rf1 Nxh2 13. Nxh2 Qxh2 0-1

[Event "Tá complicado... agora disparou"]
[Site "http://www.queenalice.com/game.php?id=732604"]
[Date "2010.2.16"]
[Round "-"]
[White "KaBaL"]
[Black "Mr_SPOCK"]
[Result "1-0"]
[WhiteElo "1693"]
[BlackElo "1582"]

1. e4 e5 2. d4 Bb4+ 3. c3 Ba5 4. dxe5 Bb6 5. Nh3 Qe7 6. Bf4 Nc6 7. Bg5 Qxe5 8.
Bd2 Qf6 9. Bc4 d5 10. Bxd5 Bxh3 11. Qf3 Bf5 12. exf5 Ne5 13. Qe4 Ne7 14. Bxb7
Rd8 15. Ba6 O-O 16. h4 c5 17. Bg5 Qd6 18. O-O f6 19. Bf4 Nd5 20. Bc4 Kh8 21. Rd1
Nf3+ 22. Qxf3 Qxf4 23. Bxd5 Qxh4 24. c4 Bc7 25. g3 Qh3 26. Nc3 Rd7 27. Ne2 g5
28. fxg6 hxg6 29. Nf4 Bxf4 30. Qxf4 Rh7 31. Be4 Qh2+ 32. Kf1 f5 33. Qe5+ Kg8 34.
Bd5+ Rff7 35. Bxf7+ Rxf7 36. Rd8+ Rf8 37. Qe6+ Kh7 38. Qe7+ Kh6 39. Rxf8 Qh3+
40. Kg1 Qxg3+ 41. fxg3 g5 42. Qf6+ Kh5 43. Qxf5 Kh6 44. Rh8+ Kg7 45. Rh7+ Kg8
46. Qf7# 1-0

[Event "2e match"]
[Site "http://www.queenalice.com/game.php?id=733139"]
[Date "2010.2.17"]
[Round "-"]
[White "nuage"]
[Black "KaBaL"]
[Result "0-1"]
[WhiteElo "1510"]
[BlackElo "1684"]

1. Nf3 Nc6 2. g3 e5 3. e4 Nd4 4. Nxe5 Qe7 5. f4 f6 6. Ng4 Qxe4+ 7. Ne3 Nxc2+ 8.
Ke2 Nxa1 9. Rg1 d5 10. d3 Bg4+ 11. Kd2 Qb4+ 12. Nc3 Bxd1 13. Nxd1 O-O-O 14. Bh3+
Kb8 15. a3 Nb3+ 16. Kc2 Nd4+ 17. Kb1 Qb3 18. Be3 Bxa3 19. Bxd4 Bb4 20. Be6 c6
21. Be5+ fxe5 22. fxe5 Re8 23. Bd7 Rxe5 24. Rf1 Nf6 25. d4 Rh5 26. h3 Nxd7 27.
Rf7 Nb6 28. Rxg7 Nc4 29. Na2 Qxd1+ 30. Nc1 Nd2+ 31. Ka2 Qxc1 32. g4 Rxh3 33. Re7
Ra3+ 34. bxa3 Qxa3# 0-1

[Event "Challenge"]
[Site "http://www.queenalice.com/game.php?id=737445"]
[Date "2010.2.25"]
[Round "-"]
[White "rdaigle2003"]
[Black "KaBaL"]
[Result "1-0"]
[WhiteElo "1699"]
[BlackElo "1681"]

1. e4 e5 2. Nf3 Nc6 3. Bc4 Nh6 4. d3 Nd4 5. Nxe5 Qf6 6. Bxh6 Qxe5 7. Be3 Bc5 8.
c3 d6 9. cxd4 Bxd4 10. Bxd4 Qxd4 11. Qb3 Ke7 12. Nd2 Be6 13. Nf3 Qb6 14. Qxb6
cxb6 15. O-O Rhc8 16. Bxe6 fxe6 17. Rfc1 e5 18. Rc3 Kf6 19. Rac1 Rxc3 20. Rxc3
a5 21. Nh4 b5 22. f3 g5 23. Nf5 b4 24. Rc7 a4 25. Nxd6 b3 26. a3 Rd8 27. Nxb7
Rxd3 28. Nc5 Rd1+ 29. Kf2 Rd2+ 30. Ke3 Rxb2 31. Nxa4 Ra2 32. Rc3 b2 33. Rb3 b1=R
34. Rxb1 Rxa3+ 35. Kf2 Rxa4 36. Rb6+ Kg7 37. Re6 g4 38. Rxe5 Ra2+ 39. Kg3 Kf6
40. Rf5+ Ke6 41. h3 gxf3 42. gxf3 Ra7 43. Kh4 Rf7 44. Rxf7 Kxf7 45. f4 Kf6 46.
Kg4 h6 47. Kh5 Kg7 48. f5 Kf6 49. Kxh6 Ke5 50. Kg6 1-0

[Event "Challenge"]
[Site "http://www.queenalice.com/game.php?id=741031"]
[Date "2010.3.4"]
[Round "-"]
[White "Mr_SPOCK"]
[Black "KaBaL"]
[Result "1-0"]
[WhiteElo "1508"]
[BlackElo "1705"]

1. e4 e5 2. Nc3 Bc5 3. Nf3 a6 4. d4 exd4 5. Nd5 Nf6 6. Bg5 c6 7. Nxf6+ gxf6 8.
Bh6 d6 9. Nh4 Qe7 10. Qf3 Qe5 11. Bf4 Bg4 12. Qxg4 Qxe4+ 13. Be2 Nd7 14. O-O
O-O-O 15. Rae1 Qxc2 16. Nf5 Rde8 17. Ng7 Rhg8 18. Bh6 d3 19. Bd1 Bxf2+ 20. Kh1
Rxe1 21. Rxe1 d2 22. Bxd2 Qxd2 23. Rf1 Qxb2 24. g3 f5 25. Qe2 Qxg7 26. Rxf2 Ne5
27. Rg2 Kd7 28. Qb2 b5 29. Qd4 c5 30. Qd5 Nc6 31. Qxf5+ Kc7 32. h3 Qd4 33. Qxf7+
Ne7 34. Qxe7+ Kb6 35. Bf3 Qa1+ 36. Kh2 Qd4 37. Qb7+ Ka5 38. Qc7+ Kb4 39. a3+
Kxa3 40. Qa5+ Qa4 41. Qc3+ Qb3 42. Qa1+ Kb4 43. Rb2 c4 44. Rxb3+ cxb3 45. Qd4+
Ka5 46. Qa1+ Kb6 47. Qb2 Rg5 48. Qxb3 Rc5 49. Qf7 Rc7 50. Qd5 Rc8 51. Qb7+ 1-0

[Event "Challenge"]
[Site "http://www.queenalice.com/game.php?id=749646"]
[Date "2010.3.21"]
[Round "-"]
[White "KaBaL"]
[Black "Mr_SPOCK"]
[Result "1-0"]
[WhiteElo "1666"]
[BlackElo "1574"]

1. e4 e5 2. Bc4 Nf6 3. Qf3 d5 4. exd5 Bg4 5. Qe3 Bd6 6. h3 Bh5 7. d4 O-O 8. Nf3
Re8 9. dxe5 b5 10. Bb3 Bxf3 11. Qxf3 Rxe5+ 12. Be3 Bc5 13. O-O Na6 14. Nc3 b4
15. Ne2 Qd7 16. Nf4 Rf5 17. g4 Rg5 18. Nd3 Bxe3 19. Qxe3 Re8 20. Qxg5 Re4 21. f3
h6 22. Qh4 Re2 23. f4 c5 24. Bc4 Nc7 25. Nxc5 Qd6 26. Bxe2 Qxc5+ 27. Kh2 Qxc2
28. d6 Ncd5 29. Rf2 Qxb2 30. Rd1 Qxa2 31. Bb5 Qb3 32. Rd3 Nc3 33. d7 Nxd7 34.
Qd8+ Kh7 35. Qxd7 Qe6 36. Qxa7 Ne4 37. Re2 f5 38. Rd7 Qg6 39. Rb2 fxg4 40. Bd3
gxh3 41. Bxe4 Qxe4 42. Rxg7+ Kh8 43. Qf7 Qg2+ 44. Rbxg2 hxg2 45. Qf8# 1-0

[Event "Challenge"]
[Site "http://www.queenalice.com/game.php?id=753520"]
[Date "2010.3.29"]
[Round "-"]
[White "KaBaL"]
[Black "rdaigle2003"]
[Result "1-0"]
[WhiteElo "1662"]
[BlackElo "1793"]

1. f4 e6 2. e3 Qh4+ 3. g3 Qh6 4. Nc3 d5 5. d4 Bd7 6. Bb5 Nc6 7. Qf3 O-O-O 8. e4
Nxd4 9. Qd3 Nxb5 10. Nxb5 Kb8 11. exd5 Bxb5 12. Qxb5 exd5 13. Bd2 Qe6+ 14. Ne2
Qe4 15. O-O-O Nf6 16. Nc3 Qf5 17. Na4 c6 18. Qb3 Ne4 19. Be3 g6 20. Rhe1 g5 21.
Bxa7+ Ka8 22. Bb6 Re8 23. Bc7 Bc5 24. Nb6+ Bxb6 25. Qxb6 d4 26. Qxd4 Qb5 27.
Rxe4 Rxe4 28. Qxh8+ Ka7 29. Qb8+ Ka6 30. Qa8# 1-0

[Event "Challenge"]
[Site "http://www.queenalice.com/game.php?id=758375"]
[Date "2010.4.9"]
[Round "-"]
[White "Mr_SPOCK"]
[Black "KaBaL"]
[Result "1-0"]
[WhiteElo "1584"]
[BlackElo "1685"]

1. e4 e5 2. Nf3 Nc6 3. Nc3 Bb4 4. Bc4 Nh6 5. Nd5 d6 6. O-O Bg4 7. c3 Bc5 8. b4
Bb6 9. Qa4 Bxf3 10. gxf3 Qg5+ 11. Kh1 Qh4 12. Nxb6 cxb6 13. b5 O-O 14. bxc6 bxc6
15. Qxc6 Rfd8 16. d3 Qh3 17. Bxh6 Qxh6 18. Qd5 Qh5 19. Rg1 Qxf3+ 20. Rg2 a6 21.
Rf1 b5 22. Bb3 Rac8 23. Bd1 Qh3 24. Rfg1 Rc7 25. Rxg7+ Kf8 26. Bg4 Qh6 27. Bf5
Qf6 28. Rg8+ Ke7 29. Rxd8 Ra7 30. Rgg8 Qh6 31. Rge8+ Kf6 32. Rxd6+ Kg7 33. Rxh6
Kxh6 34. Rg8 Kh5 35. Qxe5 Ra8 36. Bxh7+ Kh4 37. Qf4+ Kh5 38. Qg5# 1-0

[Event "Challenge"]
[Site "http://www.queenalice.com/game.php?id=763636"]
[Date "2010.4.20"]
[Round "-"]
[White "KaBaL"]
[Black "Mr_SPOCK"]
[Result "1-0"]
[WhiteElo "1667"]
[BlackElo "1618"]

1. e4 e5 2. Bc4 Nf6 3. Nc3 Bc5 4. Nh3 Nc6 5. Ng5 O-O 6. Bxf7+ Rxf7 7. Nxf7 Kxf7
8. d3 d6 9. h3 Bxf2+ 10. Kxf2 Nd4 11. Rf1 c5 12. Kg1 g6 13. Nd5 Nf5 14. Nxf6
Qxf6 15. exf5 g5 16. Qh5+ Ke7 17. Bxg5 Bxf5 18. Bxf6+ Kxf6 19. Qxf5+ Ke7 20.
Qxh7+ Ke6 21. Qf7# 1-0

[Event "Challenge"]
[Site "http://www.queenalice.com/game.php?id=765057"]
[Date "2010.4.23"]
[Round "-"]
[White "Mr_SPOCK"]
[Black "KaBaL"]
[Result "1-0"]
[WhiteElo "1557"]
[BlackElo "1683"]

1. e4 Nc6 2. d4 d5 3. e5 e6 4. Nf3 Be7 5. Bb5 Bd7 6. O-O Nb4 7. Nc3 c6 8. Ba4 b5
9. Bb3 a5 10. a4 Qb8 11. axb5 cxb5 12. Bg5 a4 13. Ba2 f6 14. Bh4 g5 15. Bg3 fxe5
16. Bxe5 Bd6 17. Bxh8 Qb6 18. Nxg5 e5 19. Qh5+ Kd8 20. Nf7+ Kc7 21. Bxd5 Rf8 22.
dxe5 Bxe5 23. Bxe5+ Kc8 24. Bb7+ Kxb7 25. Qf3+ Bc6 26. Nd6+ Ka6 27. Qxf8 Qc5 28.
Qc8+ Kb6 29. Qxg8 Qxe5 30. Qd8+ Kc5 31. Rad1 Nxc2 32. Qf8 Kb6 33. Qb8+ Ka5 34.
Nb7+ Bxb7 35. Qxe5 Bc6 36. Ra1 Ka6 37. Rad1 Nb4 38. Rd8 Bb7 39. Qxb5+ Ka7 40.
Qxb4 Ba6 41. Qb8# 1-0

[Event ";)"]
[Site "http://www.queenalice.com/game.php?id=768948"]
[Date "2010.5.1"]
[Round "-"]
[White "KaBaL"]
[Black "Mr_SPOCK"]
[Result "1-0"]
[WhiteElo "1683"]
[BlackElo "1474"]

1. e4 e5 2. Bc4 Nf6 3. d4 Nxe4 4. dxe5 Bc5 5. Qf3 O-O 6. Qxe4 c6 7. e6 dxe6 8.
Qg4 e5 9. Qh5 Bxf2+ 10. Kxf2 Qf6+ 11. Ke1 Be6 12. Bg5 Qf5 13. Nf3 Bxc4 14. Nbd2
Qxc2 15. b3 Bb5 16. Nxe5 Qc3 17. Be7 Qxa1+ 18. Kf2 Qd4+ 19. Kg3 Nd7 20. Ndf3 Qd5
21. Bxf8 Rxf8 22. Re1 Nf6 23. Qf5 Qd6 24. h4 c5 25. Ng5 Bd7 26. Qc2 Nh5+ 27. Kh2
g6 28. Qc3 f6 29. Ne4 Qc7 30. Nxc5 Re8 31. Qc4+ Kh8 32. Qf7 fxe5 33. Qxd7 Qxc5
34. Qxe8+ Kg7 35. Rxe5 Qc7 36. Qe7+ Qxe7 37. Rxe7+ Kf6 38. Rxb7 Nf4 39. Kg3 Ne2+
40. Kg4 h5+ 41. Kf3 Nd4+ 42. Ke4 Nc6 43. Rc7 Nb4 44. Rxa7 g5 45. a3 Nc2 46. Ra6+
Ke7 47. hxg5 Ne1 48. Ke5 Kf7 49. g6+ Kg7 50. Kf5 Kh6 51. Kf6 Nxg2 52. Ra7 Ne3
53. Rh7# 1-0

[Event "Challenge"]
[Site "http://www.queenalice.com/game.php?id=769526"]
[Date "2010.5.2"]
[Round "-"]
[White "rdaigle2003"]
[Black "KaBaL"]
[Result "1-0"]
[WhiteElo "1791"]
[BlackElo "1705"]

1. e4 e5 2. Nf3 Bd6 3. Nc3 c6 4. d4 h6 5. dxe5 Bb4 6. a3 Bxc3+ 7. bxc3 Qa5 8.
Bd2 Ne7 9. c4 Qc7 10. Bd3 d6 11. exd6 Qxd6 12. Bb4 Qe6 13. O-O Na6 14. Bc3 O-O
15. Bd4 c5 16. Bb2 Nc6 17. Re1 Qe7 18. h3 Nd8 19. e5 Nc6 20. Nh2 Rd8 21. Ng4 Qg5
22. Bc1 Qh4 23. Re4 Qe7 24. Qf3 Nd4 25. Qg3 Bf5 26. Nxh6+ Kf8 27. Nxf5 Nxf5 28.
Qg4 g6 29. Rf4 Rd4 30. Rxd4 Nxd4 31. Bh6+ Kg8 32. c3 Nc6 33. f4 f5 34. Bxf5 Qh7
35. Be6+ Kh8 36. Bg5 Ne7 37. Bf6+ 1-0

[Event "Challenge"]
[Site "http://www.queenalice.com/game.php?id=776945"]
[Date "2010.5.17"]
[Round "-"]
[White "Mr_SPOCK"]
[Black "KaBaL"]
[Result "0-1"]
[WhiteElo "1569"]
[BlackElo "1693"]

1. e4 e5 2. Nf3 Nf6 3. Bc4 Nxe4 4. Nxe5 Qf6 5. Nf3 Bc5 6. O-O O-O 7. d3 Nxf2 8.
Rxf2 Re8 9. Bg5 Qxb2 10. Nbd2 Bxf2+ 11. Kxf2 d6 12. Nb3 Bg4 13. Bc1 Qf6 14. Bg5
Qf5 15. Nd4 Qc5 16. Qd2 Bxf3 17. Bxf7+ Kxf7 18. Qf4+ Kg8 19. gxf3 Nd7 20. Kg2
Re5 21. c4 Rxg5+ 22. Kf2 Ne5 23. Ke2 Ng6 24. Qc1 Re8+ 25. Kd2 Qxd4 26. Kc2 Nf4
27. Kb3 Rg2 28. Qc3 Qb6+ 29. Ka3 a5 30. d4 c5 31. dxc5 Qxc5+ 32. Ka4 b5+ 33.
cxb5 Qxc3 34. a3 Qxf3 35. b6 Qc6+ 36. Kxa5 Ra8+ 37. Kb4 Rb2# 0-1

[Event "Challenge"]
[Site "http://www.queenalice.com/game.php?id=777214"]
[Date "2010.5.18"]
[Round "-"]
[White "patrick"]
[Black "KaBaL"]
[Result "0-1"]
[WhiteElo "1435"]
[BlackElo "1704"]

1. e4 e5 2. Qf3 Qg5 3. c3 Nc6 4. h4 Qf6 5. Qd3 Bc5 6. Nh3 Qxh4 7. g3 Qf6 8. Qd5
d6 9. Bc4 Be6 10. Qd3 Bxh3 11. Rh2 Be6 12. b3 Nh6 13. a3 Ng4 14. Rh4 Qxf2+ 15.
Kd1 Qg2 16. b4 Nf2+ 17. Kc2 Nxd3 18. Kxd3 Qxg3+ 19. Kc2 Bxc4 20. bxc5 Qxh4 21.
d3 Qf2+ 22. Kd1 Bxd3 23. Bd2 Qe2+ 24. Kc1 Qf1+ 25. Be1 Qxe1+ 26. Kb2 Na5 27.
cxd6 Nc4+ 28. Kb3 Qc1 29. Kb4 Qb2+ 30. Ka4 b6 31. Nd2 Bc2+ 32. Nb3 Qxb3# 0-1

[Event "Partida nº ????"]
[Site "http://www.queenalice.com/game.php?id=788366"]
[Date "2010.6.11"]
[Round "-"]
[White "KaBaL"]
[Black "Mr_SPOCK"]
[Result "0-1"]
[WhiteElo "1711"]
[BlackElo "1553"]

1. e4 e5 2. Bc4 Bc5 3. Nh3 Nf6 4. Nc3 O-O 5. Na4 Nxe4 6. Qf3 Ng5 7. Qd5 d6 8. d3
c6 9. Bxg5 cxd5 10. Bxd8 dxc4 11. Nxc5 dxc5 12. Be7 Re8 13. Bxc5 cxd3 14. cxd3
b6 15. Bd6 Nc6 16. O-O Bxh3 17. gxh3 Nd4 18. b3 Nc2 19. Rac1 Rac8 20. a3 f5 21.
Kg2 f4 22. f3 Ne3+ 23. Kf2 Nxf1 24. Rxc8 Rxc8 25. Kxf1 Rc1+ 26. Kg2 Rc3 27. Bxe5
Rxd3 28. Bxf4 b5 29. Bc1 Rxb3 30. h4 Rc3 31. Bg5 Rxa3 32. h5 h6 33. Be7 Ra2+ 34.
Kg3 Re2 35. Bb4 Ra2 36. f4 a5 37. Bd6 b4 38. Be5 Ra3+ 39. Kg4 Ra2 40. h4 b3 41.
Kf5 b2 42. Kg6 b1=Q+ 43. f5 Rg2+ 44. Bg3 Rxg3# 0-1

[Event "Challenge"]
[Site "http://www.queenalice.com/game.php?id=794790"]
[Date "2010.6.25"]
[Round "-"]
[White "Mr_SPOCK"]
[Black "KaBaL"]
[Result "0-1"]
[WhiteElo "1680"]
[BlackElo "1689"]

1. e4 e5 2. d4 Bd6 3. d5 Qh4 4. Nc3 Bb4 5. Bd2 Bxc3 6. Qf3 Bxd2+ 7. Kxd2 Qf4+ 8.
Qxf4 exf4 9. e5 c6 10. d6 c5 11. Bc4 Nh6 12. Nf3 O-O 13. Ng5 Nc6 14. Rhe1 f3 15.
Nxf3 Ng4 16. Re4 h5 17. Rf1 Kh7 18. Bd3 a5 19. Rxg4+ Kh6 20. Rg3 Nb4 21. Be4 f5
22. exf6 Rxf6 23. Nh4 Rxd6+ 24. Bd3 g6 25. Kc3 Nd5+ 26. Kb3 a4+ 27. Ka3 Nc7 28.
Re1 Rb6 29. Bc4 d5 30. Bd3 c4 31. Rxg6+ Rxg6 32. Bxg6 Nb5+ 33. Kb4 Nd4 34. Re7
Nc6+ 35. Kc3 Nxe7 36. Bf7 b5 37. Kd4 b4 38. h3 Ra5 39. a3 Nc6+ 40. Ke3 b3 41. c3
Kg7 42. Bxh5 d4+ 43. Kd2 Rxh5 44. Nf3 d3 45. h4 Bg4 46. Nh2 Ne5 47. f3 Rxh4 48.
Nxg4 Nxg4 49. fxg4 Rxg4 50. Ke3 Rxg2 51. Kd4 d2 52. Kxc4 d1=Q 53. Kb4 Rg4+ 54.
c4 Qd7 55. Kc5 Rg5+ 56. Kb6 Qd4+ 57. Kc6 Qxc4+ 58. Kd6 Qc5+ 59. Kd7 Kf7 60. Kd8
Rd5# 0-1

[Event ":(("]
[Site "http://www.queenalice.com/game.php?id=816931"]
[Date "2010.8.12"]
[Round "-"]
[White "Mr_SPOCK"]
[Black "KaBaL"]
[Result "0-1"]
[WhiteElo "1603"]
[BlackElo "1707"]

1. e4 Nc6 2. d4 e5 3. d5 Nce7 4. Bg5 h5 5. Nc3 d6 6. h4 a6 7. Qd2 f6 8. Be3 g6
9. O-O-O Bh6 10. Nh3 Bxe3 11. Qxe3 f5 12. g4 hxg4 13. Nf4 exf4 14. Qxf4 Nf6 15.
e5 Nh5 16. Qa4+ Bd7 17. Qd4 c5 18. dxc6 Bxc6 19. exd6 O-O 20. Bc4+ Kh7 21. Qe5
Bxh1 22. dxe7 Qb8 23. Qc5 Rc8 24. Qd4 Qf4+ 25. Rd2 Qxd4 26. Rxd4 Ng7 27. Bf7 Ne8
28. Ne2 Kg7 29. Be6 Rc7 30. Rd7 Kf6 31. Nd4 Rxd7 32. Bxd7 Kxe7 33. Ba4 Nf6 34.
Ne2 Ne4 35. Nf4 Nxf2 36. Nxg6+ Kf6 37. Nf4 Rd8 38. b4 Rd4 39. Ne2 Rxb4 40. Bb3
Bf3 41. Ng3 f4 42. Nf1 g3 43. Nd2 Nd1 44. Nxf3 Ne3 45. c3 Rb5 46. Kb2 Kf5 47. a4
Rc5 48. h5 Kg4 49. Ng1 Rxh5 50. Be6+ Kg5 51. Bc8 g2 52. Bxb7 Rh1 53. Bxg2 Rxg1
54. Bb7 Nc4+ 55. Kb3 Na5+ 56. Kb4 Nxb7 57. Kc4 Rd1 58. a5 Nxa5+ 59. Kb4 Nc6+ 60.
Kc5 Ne5 61. Kb6 Rd6+ 62. Ka5 Nc4+ 63. Kb4 Nd2 64. Ka3 Rb6 65. Ka4 f3 66. Ka5 Rc6
67. Kb4 f2 68. Ka3 Rxc3+ 69. Kb2 Ne4 70. Ka2 f1=R 71. Kb2 Rf2+ 72. Kb1 a5 73.
Ka1 Rc1# 0-1

[Event "E a vantagem aumenta.. rs"]
[Site "http://www.queenalice.com/game.php?id=825893"]
[Date "2010.8.31"]
[Round "-"]
[White "KaBaL"]
[Black "Mr_SPOCK"]
[Result "1-0"]
[WhiteElo "1721"]
[BlackElo "1605"]

1. Nf3 Nc6 2. e4 e5 3. Bb5 Na5 4. Nxe5 c6 5. Bd3 b5 6. Qf3 Nf6 7. O-O d6 8. Nxc6
Nxc6 9. Bxb5 Bb7 10. d4 a6 11. Bxc6+ Bxc6 12. d5 Bb7 13. Bg5 Be7 14. Nc3 Qb6 15.
b3 a5 16. Na4 Qc7 17. c4 O-O 18. Rac1 h6 19. Bxf6 Bxf6 20. Nc3 Qe7 21. Nb5 Qe5
22. c5 Rac8 23. Nxd6 Ba6 24. Rfe1 Bg5 25. Rc2 Bb7 26. Nxb7 f5 27. Qe2 f4 28. f3
Bh4 29. Rd1 g5 30. d6 g4 31. Nxa5 Rxc5 32. Nc6 Qg5 33. Ne7+ Kf7 34. fxg4 Rxc2
35. Qxc2 Qxg4 36. e5 f3 37. h3 f2+ 38. Kf1 Qg3 39. Qf5+ Ke8 40. Qh5+ Kd7 41. Ng6
Qh2 42. Nxf8+ Kc6 43. Qf3+ Kb5 44. a4+ Kb4 45. Qe4+ Ka3 46. Qxh4 Qg1+ 47. Ke2
Qxg2 48. Qxf2 Qe4+ 49. Kf1 Qh1+ 50. Ke2 Qe4+ 51. Kd2 Qd5+ 52. Kc1 Qc6+ 53. Qc2
Qxc2+ 54. Kxc2 h5 55. d7 h4 56. d8=Q Ka2 57. Kd3 Kb2 58. b4 Kb3 59. Qxh4 Kb2 60.
Qf2+ Kb3 61. Qc2+ Kxb4 62. Rb1+ Ka5 63. Rb5+ Ka6 64. Qc6+ Ka7 65. Qb7# 1-0